| 000 | 00476nam a2200169 i 4500 | ||
|---|---|---|---|
| 001 | 150742 | ||
| 003 | ES-MaACL | ||
| 005 | 20230906203655.0 | ||
| 007 | t| | ||
| 008 | 071107q19001950fr ||||1| fre d | ||
| 245 | 0 | 0 |
_aExercices sur les complements d'algebre / _cpar F. J. |
| 260 |
_aSta. Etienne : _b[s.n., _c19-?] ( _fImp. Autog. A. Fournier) |
||
| 300 |
_a107 p. : _bil. ; _c27 cm. |
||
| 500 | _aEjemp. esteneg. | ||
| 700 | 1 |
_aF. J. _948486 |
|
| 852 |
_aES-MaACL _jF-4008 |
||
| 999 |
_c150742 _d150742 |
||